Połączone państwa na mapie świata #1 - Statystyki

Ogólne statystyki
  • Ten quiz został rozwiązany 6 894 razy
  • Średni wynik to 12 z 20
Odpowiedzi na mapie
Odpowiedzi zakodowano w zielono-czerwonej skali na mapie do tego quizu, zgodnie z poniższymi procentami.
 
Statystyki odpowiedzi
Państwo % Poprawnych
Rosja
78%
Czechy
77%
Pakistan
74%
Słowacja
74%
Afganistan
71%
Mongolia
70%
Mali
67%
Mauretania
64%
Argentyna
61%
Paragwaj
60%
Somalia
60%
Wietnam
60%
Gujana
59%
Kambodża
58%
Kenia
58%
Surinam
58%
Kongo
52%
Chorwacja
49%
Słowenia
49%
Gabon
45%
Nie znaleziono quizów pasujących do podanych kryteriów
Rozkład punktacji
Procent ludzi z każdym wynikiem
Percentyl według liczby udzielonych odpowiedzi
Twoja historia wyników
Nie rozwiązałeś tego quizu